00553nam a22001811 450000100060000000300080000600500170001400800390003103500190007004000320008904100080012108200220012910000190015124500460017026000900021630000210030660000440032724566BD-RjUL20211209001052.0140313r19711943nyu b 000 0beng a(BD-RjUL)24634 aDLCcDLCdDLCdBD-RjULbeng aeng00a925220bHOG 19711 aHolt, Rackham.00aGeorge Washington Carver /cRackham Holt. aGarden City, New York :bDoubleday, Doran and company, inc.,cc1943 [Reprinted 1971]. a126 p. ;c18 cm.10aCarver, George Washington,d1864?-1943.